|
|
|
|
| LEADER |
00000nam0a2200000 4500 |
| 001 |
119653 |
| 005 |
20231031124703.0 |
| 010 |
|
|
|a 5256001833
|
| 020 |
|
|
|a RU
|b 89-72247
|
| 035 |
|
|
|a (RuTPU)RU\TPU\book\129514
|
| 090 |
|
|
|a 119653
|
| 100 |
|
|
|a 20070725d1989 k a0rusy5003 ca
|
| 101 |
0 |
|
|a rus
|
| 102 |
|
|
|a RU
|
| 105 |
|
|
|a a z 001zy
|
| 200 |
1 |
|
|a Моделирование рассуждений
|e опыт анализа мыслительных актов
|f Д. А. Поспелов
|
| 210 |
|
|
|a Москва
|c Радио и связь
|d 1989
|
| 215 |
|
|
|a 182 с.
|c ил.
|
| 320 |
|
|
|a Список литературы: с. 179-183.
|
| 610 |
1 |
|
|a моделирование
|
| 610 |
1 |
|
|a рассуждения
|
| 610 |
1 |
|
|a силлогистика
|
| 610 |
1 |
|
|a герменевтика
|
| 610 |
1 |
|
|a автоматизация
|
| 675 |
|
|
|a 681.5
|v 3
|
| 700 |
|
1 |
|a Поспелов
|b Д. А.
|g Дмитрий Александрович
|
| 801 |
|
0 |
|a RU
|b RuMRKP
|c 19950417
|g psbo
|
| 801 |
|
1 |
|a RU
|b 63413507
|c 20070725
|g PSBO
|
| 801 |
|
2 |
|a RU
|b 63413507
|c 20170130
|g PSBO
|
| 942 |
|
|
|c BK
|